00429cam a22001337a 4500008004000000082001200040245011500052260003400167300001300201650001200214700001800226700002900244700002200273180718b1984 xxu||||| |||| 00| 0 eng d aXA R18m aModern trends in housing in developing countriescedited by A.G. Madhava Rao, D.S. Ramachandra Murthy and G.A. aNew DelhibOxford & IBHc1984 axii,380p aHousing aAnnamalai, G. aMurthy, D.S. Ramachandra aRao, A.G. Madhava